The rise of Spanish-language filmmaking : out from Hollywood's shadow, 1929-1939 /

Bibliographic Details
Main Author: Jarvinen, Lisa, 1969-
Format: eBook
Language:English
Published: New Brunswick, N.J. : Rutgers University Press, 2012.
Series:Latinidad--transnational cultures in the United States
Subjects:
Online Access:Connect to the full text of this electronic book

MARC

Tag First Indicator Second Indicator Subfields
LEADER 00000cam a22000004a 4500
001 in00003402113
005 20190405202437.0
006 m d
007 cr |||||||nn|n
008 110808s2012 nju o d eng d
010 |z  2011033052 
020 |a 9780813553283 
020 |a 0813553288 
020 |z 9780813552859 (hardcover : alk. paper) 
020 |z 9780813552866 (pbk. : alk. paper) 
020 |z 0813552850 
035 |a (MdBmJHUP)muse9780813553283 
040 |a MdBmJHUP  |c MdBmJHUP  |d UtOrBLW 
043 |a n-us--- 
050 0 0 |a PN1993.5.U6  |b J38 2012 
082 0 0 |a 791.430973  |2 23 
100 1 |a Jarvinen, Lisa,  |d 1969- 
245 1 4 |a The rise of Spanish-language filmmaking :  |b out from Hollywood's shadow, 1929-1939 /  |c Lisa Jarvinen. 
264 1 |a New Brunswick, N.J. :  |b Rutgers University Press,  |c 2012. 
300 |a 1 online resource (256 pages) 
336 |a text  |b txt  |2 rdacontent 
337 |a computer  |b c  |2 rdamedia 
338 |a online resource  |b cr  |2 rdacarrier 
490 0 |a Latinidad--transnational cultures in the United States 
504 |a Includes bibliographical references and index. 
505 0 |a Introduction -- First responses to the challenge of sound, 1929-1930 -- Hollywood's Spanish versions, 1930-1931 -- Language controversies, 1930-1931 -- The start of national competition, 1931-1932 -- Modes of translating Hollywood films, 1930-1935 -- Fox film's prestige Spanish productions, 1932-1935 -- Exaggerating the national, 1934-1939 -- Conclusion. 
588 |a Description based on print version record. 
500 |a Electronic resource. 
650 0 |a Motion pictures, Spanish  |z United States  |x History  |y 20th century. 
650 0 |a Motion pictures  |z United States  |x History  |y 20th century. 
655 7 |a Electronic books.  |2 local 
856 4 0 |u http://proxy.library.tamu.edu/login?url=http://muse.jhu.edu/books/9780813553283/  |z Connect to the full text of this electronic book  |t 0 
999 |a MARS 
999 f f |s bc38f76c-3b97-3fdc-94b5-4bf41f3214e7  |i 5e93b8b5-8340-3736-918d-80f34c7576ce  |t 0 
952 f f |a Texas A&M University  |b College Station  |c Electronic Resources  |d Available Online  |t 0  |e PN1993.5.U6 J38 2012  |h Library of Congress classification 
998 f f |a PN1993.5.U6 J38 2012  |t 0  |l Available Online